| 000 | 00482nam a2200145Ia 4500 | ||
|---|---|---|---|
| 008 | 140724s9999 xx 000 0 und d | ||
| 050 |
_aQA 76.5 _b.M856 2011 |
||
| 100 | _aMorikage, Marie. | ||
| 245 |
_aWeb-based reservation system for Seryna Restaurant / _cMarie Morikage. |
||
| 260 |
_aLas PiƱas, Philippines : _bSouthville International School and Colleges, _cc2011. |
||
| 300 |
_a42 p. : _bill. ; _c28 cm. |
||
| 521 | _aInformation Technology | ||
| 942 | _cTH | ||
| 999 |
_c228734 _d228734 |
||